[Event "Polanica Zdroj op-C 41st "]
[Site "Polanica Zdroj"]
[Date "2005.08.23"]
[Round "5"]
[White "Piesik, Piotr"]
[Black "Perard, Pascal"]
[Result "1-0"]
[WhiteElo "1800"]
[BlackElo "1727"]
[PlyCount "44"]
[EventDate "2005.08.19"]
[EventType "swiss"]
[EventRounds "9"]
[EventCountry "POL"]
[SourceTitle "EXT 2007"]
[Source "ChessBase"]
[SourceDate "2006.11.23"]
[SourceVersion "1"]
[SourceVersionDate "2006.11.23"]
[SourceQuality "1"]

1. Nf3 Nc6 2. d4 d5 3. Bf4 Nf6 4. c4 Bg4 5. e3 e6 6. Nc3 Bb4 7. Bd3 Qe7 8. 0-0 Bxc3 9. bxc3 0-0 10. Rb1 b6 11. Qa4 Na5 12. Ne5 Bh5 13. c5 Bg6 14. Nxg6 hxg6 15. f3 Nh5 16. Be5 Nf6 17. Bb5 Rfd8 18. h3 Nd7 19. Bxc7 Nxc5 20. Bxd8 Rxd8 21. dxc5 Qxc5 22. Qd4 Qe7 1-0